000 00617cam a22002291 4500
001 ne 67001355
003 DLC
005 20260227111833.0
008 740123s1966 ua ab b 000 0 eng
010 _ane 67001355 //r92
025 _aPL480:UAR-8297
040 _aDLC
_cDLC
_dDLC
043 _af-ua---
050 0 0 _aDT45
_b.A62
082 0 0 _a916.2/04/5
100 1 0 _aAbdallah, Hassan.
245 1 4 _aThe handbook of Egypt.
260 0 _a[Cairo,
_bNational Publication and Print. House,
_c1966]
300 _a293 p.
_billus., maps.
_c20 cm.
504 _aBibliography:p. 292-293.
651 0 _aEgypt
_xGuidebooks.
999 _c49723
_d49723